| 000 | 00656cam a2200193 a 4500 | ||
|---|---|---|---|
| 040 | _cDLC | ||
| 082 | 0 | 0 | _a363 GER 1994 A089 Or. |
| 100 | 1 | _aEikenberg, Christian. | |
| 245 | 1 | 0 |
_aProjects for the understanding and mitigation of natural disasters : _bGerman contributions to the International Decade for Natural Disaster Reduction / |
| 260 |
_aBonn : _bGerman IDNDR-Committee, _c1994. |
||
| 300 |
_axiii, 307 p. ; _c24 cm. |
||
| 650 | 0 | _aNatural disasters | |
| 650 | 0 | _aDisasters | |
| 650 | 0 | _aNatural disaster warning systems | |
| 650 | 0 | _aEmergency management | |
| 650 | 0 | _aTechnical assistance, German. | |
| 700 | 1 | _aKron, Wolfgang. | |
| 942 | _cEK | ||
| 999 |
_c16251 _d16251 |
||